| 000 | 00000cam 2200000za 4500 |
| 001 | 9.632104 |
| 003 | CaOODSP |
| 005 | 20260105080415 |
| 007 | cr ||||||||||| |
| 008 | 150407|2005||||xxc|||||o f|0| 0 fre d |
| 020 | |a0-662-74634-1 |
| 040 | |aCaOODSP|bfre |
| 043 | |an-cn--- |
| 086 | 1 |aM39-122/2005F-PDF |
| 245 | 00|aLogiciel RETScreen®, manuel de l'utilisateur en ligne - modèle pour projets de chauffage solaire de l'eau |h[ressource électronique] |
| 260 | |aQuébec - Québec : |bRessources naturelles Canada. |cc1997-2005. |
| 300 | |a122p.|bfigures en couleur, graphiques, tableaux, index |
| 504 | |aBibliographie. |
| 590 | |a13-24-Supp|b2013-10-18 |
| 691 | 07|aChauffage solaire|2gcpds |
| 710 | 1 |aCanada. |bDirection de la technologie de l'énergie. |
| 775 | 08|tRETScreen® software online user manual - solar water heating project model |w(CaOODSP)9.687664 |
| 856 | 40|ahttp://publications.gc.ca|qPDF|s713 Ko|uhttps://publications.gc.ca/collections/collection_2013/rncan-nrcan/M39-122-2005-fra.pdf |